[Event "DVM U20w 2017"]
[Site "Düsseldorf GER"]
[Date "2017.12.27"]
[Round "2"]
[White "Sherif, Amina"]
[Black "Halas, Julia"]
[Result "0-1"]
[Termination "normal"]
[Board "1.1"]
[WhiteTitle "WIM"]
[WhiteElo "2041"]
[BlackElo "1901"]
[WhiteClock "00:02:36"]
[BlackClock "00:22:25"]
[WhiteTeam "TuRa Harksheide Norderstedt"]
[BlackTeam "SG Leipzig"]
[PlyCount "82"]
[WhiteFideId "12911690"]
[BlackFideId "12931810"]
[EventCountry "GER"]
[EventRounds "7"]
[EventType "team-round robin"]
[EventDate "2017.12.26"]

1. c4 {[%clk 1:30:46]} Nf6 {[%clk 1:30:53]} 2. Nc3 {[%clk 1:30:53]} g6 {[%clk
1:31:16]} 3. g3 {[%clk 1:31:09]} Bg7 {[%clk 1:31:31]} 4. Bg2 {[%clk 1:31:33]}
d6 {[%clk 1:31:10]} 5. e4 {[%clk 1:31:38]} O-O {[%clk 1:31:04]} 6. Nge2 {[%clk
1:31:45]} a6 {[%clk 1:29:38]} 7. d3 {[%clk 1:30:38]} Nc6 {[%clk 1:26:47]} 8. h3
{[%clk 1:28:53]} e5 {[%clk 1:25:19]} 9. Be3 {[%clk 1:27:28]} Rb8 {[%clk
1:18:25]} 10. a4 {[%clk 1:26:39]} Be6 {[%clk 1:18:12]} 11. O-O {[%clk 1:26:21]}
Qd7 {[%clk 1:16:51]} 12. Kh2 {[%clk 1:24:02]} Ne8 {[%clk 1:15:30]} 13. a5
{[%clk 1:00:19]} f5 {[%clk 1:11:01]} 14. exf5 {[%clk 0:54:17]} gxf5 {[%clk
1:10:57]} 15. f4 {[%clk 0:52:45]} Nf6 {[%clk 1:08:22]} 16. Qd2 {[%clk 0:41:51]}
e4 {[%clk 1:02:14]} 17. dxe4 {[%clk 0:33:51]} fxe4 {[%clk 0:57:39]} 18. Nd5
{[%clk 0:28:25]} Ne7 {[%clk 0:47:39]} 19. Nxe7+ {[%clk 0:27:10]} Qxe7 {[%clk
0:48:01]} 20. Qc2 {[%clk 0:26:23]} Qf7 {[%clk 0:45:52]} 21. Nd4 {[%clk
0:23:48]} Bxc4 {[%clk 0:43:06]} 22. Rfc1 {[%clk 0:23:08]} d5 {[%clk 0:36:30]}
23. b3 {[%clk 0:21:19]} c5 {[%clk 0:28:31]} 24. Nf5 {[%clk 0:16:52]} Bd3 {[%clk
0:21:16]} 25. Qxc5 {[%clk 0:11:06]} Nd7 {[%clk 0:17:51]} 26. Ne7+ {[%clk
0:10:52]} Kh8 {[%clk 0:17:53]} 27. Qd6 {[%clk 0:11:03]} Bxa1 {[%clk 0:15:13]}
28. Rxa1 {[%clk 0:11:15]} Qf6 {[%clk 0:09:58]} 29. Qxf6+ {[%clk 0:07:56]} Nxf6
{[%clk 0:10:23]} 30. Bd4 {[%clk 0:08:09]} Rbd8 {[%clk 0:09:52]} 31. g4 {[%clk
0:08:22]} Rd7 {[%clk 0:09:39]} 32. g5 {[%clk 0:04:53]} Rxe7 {[%clk 0:09:31]}
33. gxf6 {[%clk 0:04:28]} Ref7 {[%clk 0:09:18]} 34. Rc1 {[%clk 0:01:49]} Bb5
{[%clk 0:08:09]} 35. Rc5 {[%clk 0:01:40]} Bc6 {[%clk 0:08:13]} 36. Bf1 {[%clk
0:01:47]} Rxf6 {[%clk 0:01:37]} 37. Bxa6 {[%clk 0:01:49]} Kg8 {[%clk 0:01:50]}
38. Bxf6 {[%clk 0:02:03]} Rxf6 {[%clk 0:02:03]} 39. Bb5 {[%clk 0:02:27]} e3
{[%clk 0:00:48]} 40. Kg3 {[%clk 0:02:31]} Bxb5 {[%clk 0:00:44]} 41. Rxb5 {[%clk
0:02:36]} Re6 {[%clk 0:22:25]} 0-1

[Event "DVM U20w 2017"]
[Site "Düsseldorf GER"]
[Date "2017.12.27"]
[Round "2"]
[White "Halas, Lena"]
[Black "Köhler, Inken"]
[Result "0-1"]
[Termination "normal"]
[Board "1.2"]
[WhiteElo "1786"]
[BlackElo "1909"]
[WhiteClock "00:19:26"]
[BlackClock "00:18:54"]
[WhiteTeam "SG Leipzig"]
[BlackTeam "TuRa Harksheide Norderstedt"]
[PlyCount "52"]
[WhiteFideId "12931799"]
[BlackFideId "12929301"]
[EventCountry "GER"]
[EventRounds "7"]
[EventType "team-round robin"]
[EventDate "2017.12.26"]

1. e4 {[%clk 1:30:57]} c5 {[%clk 1:30:55]} 2. Nf3 {[%clk 1:31:18]} e6 {[%clk
1:31:17]} 3. d4 {[%clk 1:31:43]} cxd4 {[%clk 1:31:41]} 4. Nxd4 {[%clk 1:32:05]}
a6 {[%clk 1:32:04]} 5. Nc3 {[%clk 1:32:25]} Qc7 {[%clk 1:32:21]} 6. Bd3 {[%clk
1:32:38]} Nf6 {[%clk 1:32:12]} 7. O-O {[%clk 1:32:47]} b5 {[%clk 1:31:24]} 8.
Qe2 {[%clk 1:32:37]} Bb7 {[%clk 1:30:10]} 9. e5 {[%clk 1:32:15]} Nd5 {[%clk
1:28:30]} 10. Nxd5 {[%clk 1:31:54]} Bxd5 {[%clk 1:28:49]} 11. a4 {[%clk
1:32:11]} Bc5 {[%clk 1:06:35]} 12. c3 {[%clk 1:28:30]} Bxd4 {[%clk 1:04:24]}
13. cxd4 {[%clk 1:27:57]} bxa4 {[%clk 1:03:07]} 14. Rxa4 {[%clk 1:27:24]} Qc6
{[%clk 1:01:51]} 15. Ra3 {[%clk 1:19:30]} Bxg2 {[%clk 1:00:04]} 16. Rc3 {[%clk
1:08:13]} Qb7 {[%clk 0:58:25]} 17. Re1 {[%clk 0:48:02]} Bf3 {[%clk 0:52:19]}
18. Qe3 {[%clk 0:48:02]} Bd5 {[%clk 0:50:13]} 19. Qg5 {[%clk 0:47:41]} Nc6
{[%clk 0:49:09]} 20. Be4 {[%clk 0:43:31]} Bxe4 {[%clk 0:36:43]} 21. Rxe4 {[%clk
0:43:21]} Ne7 {[%clk 0:36:33]} 22. Rg4 {[%clk 0:40:54]} Nf5 {[%clk 0:36:09]}
23. b3 {[%clk 0:34:05]} Rc8 {[%clk 0:33:40]} 24. Rd3 {[%clk 0:26:05]} h5 {[%clk
0:26:23]} 25. Rg2 {[%clk 0:23:04]} Qe4 {[%clk 0:19:38]} 26. Qd2 {[%clk
0:19:26]} Qxd3 {[%clk 0:18:54]} 0-1

[Event "DVM U20w 2017"]
[Site "Düsseldorf GER"]
[Date "2017.12.27"]
[Round "2"]
[White "Zimmermann, Jasmin"]
[Black "Hartewig, Anja"]
[Result "1-0"]
[Termination "normal"]
[Board "1.3"]
[WhiteElo "1799"]
[BlackElo "1779"]
[WhiteClock "00:15:40"]
[BlackClock "00:24:15"]
[WhiteTeam "TuRa Harksheide Norderstedt"]
[BlackTeam "SG Leipzig"]
[PlyCount "115"]
[WhiteFideId "12900400"]
[BlackFideId "12917966"]
[EventCountry "GER"]
[EventRounds "7"]
[EventType "team-round robin"]
[EventDate "2017.12.26"]

1. e4 {[%clk 1:30:57]} d6 {[%clk 1:30:53]} 2. d4 {[%clk 1:31:18]} Nf6 {[%clk
1:31:18]} 3. Nc3 {[%clk 1:31:36]} g6 {[%clk 1:31:43]} 4. g3 {[%clk 1:31:56]}
Bg7 {[%clk 1:31:42]} 5. Bg2 {[%clk 1:32:17]} O-O {[%clk 1:31:25]} 6. Nge2
{[%clk 1:32:20]} Nbd7 {[%clk 1:29:59]} 7. O-O {[%clk 1:32:19]} c5 {[%clk
1:29:03]} 8. Kh1 {[%clk 1:31:37]} cxd4 {[%clk 1:25:24]} 9. Nxd4 {[%clk
1:31:29]} Nc5 {[%clk 1:25:13]} 10. h3 {[%clk 1:27:14]} Bd7 {[%clk 1:19:16]} 11.
Be3 {[%clk 1:25:39]} Rc8 {[%clk 1:14:40]} 12. Qd2 {[%clk 1:24:20]} Qa5 {[%clk
1:08:32]} 13. Bh6 {[%clk 1:17:12]} Ne6 {[%clk 0:54:45]} 14. Bxg7 {[%clk
1:11:13]} Kxg7 {[%clk 0:53:51]} 15. Nxe6+ {[%clk 1:10:11]} Bxe6 16. g4 {[%clk
1:05:12]} Qb4 {[%clk 0:52:15]} 17. Rab1 {[%clk 1:01:49]} Bxa2 {[%clk 0:50:07]}
18. Ra1 {[%clk 1:00:01]} Bc4 {[%clk 0:47:55]} 19. Rfd1 a6 {[%clk 0:45:26]} 20.
g5 {[%clk 0:50:14]} Nd7 {[%clk 0:41:05]} 21. Qd4+ {[%clk 0:46:03]} f6 {[%clk
0:40:32]} 22. gxf6+ {[%clk 0:43:08]} Rxf6 {[%clk 0:40:32]} 23. Nd5 {[%clk
0:33:59]} Qb5 {[%clk 0:39:54]} 24. Nxf6 {[%clk 0:33:06]} Nxf6 {[%clk 0:40:18]}
25. Ra3 Be6 {[%clk 0:34:45]} 26. Bf1 {[%clk 0:18:37]} Qh5 {[%clk 0:33:30]} 27.
Rd2 {[%clk 0:14:27]} Rc5 {[%clk 0:28:09]} 28. f4 {[%clk 0:11:57]} Kf7 {[%clk
0:21:45]} 29. Bg2 {[%clk 0:09:25]} Rc4 {[%clk 0:19:22]} 30. Qd3 {[%clk
0:07:38]} Qh4 {[%clk 0:18:34]} 31. f5 {[%clk 0:06:19]} gxf5 {[%clk 0:17:57]}
32. exf5 {[%clk 0:06:22]} Qe1+ {[%clk 0:17:48]} 33. Qf1 {[%clk 0:04:31]} Qxf1+
{[%clk 0:14:17]} 34. Bxf1 {[%clk 0:04:55]} Bd5+ {[%clk 0:14:37]} 35. Rxd5
{[%clk 0:04:30]} Rxc2 {[%clk 0:13:34]} 36. Rdd3 {[%clk 0:03:13]} Rxb2 {[%clk
0:13:42]} 37. Rdb3 {[%clk 0:02:33]} Rf2 {[%clk 0:13:44]} 38. Rf3 {[%clk
0:02:22]} Rc2 {[%clk 0:13:32]} 39. Rab3 {[%clk 0:01:24]} b5 {[%clk 0:12:38]}
40. Ra3 {[%clk 0:01:11]} Rc6 {[%clk 0:12:20]} 41. Rfc3 {[%clk 0:28:13]} Rb6
{[%clk 0:38:46]} 42. Rc7 {[%clk 0:25:12]} Nd5 {[%clk 0:35:10]} 43. Ra7 {[%clk
0:25:09]} Nb4 {[%clk 0:35:15]} 44. Bg2 {[%clk 0:24:54]} Kf6 {[%clk 0:34:24]}
45. Re3 {[%clk 0:23:20]} Nc6 {[%clk 0:32:00]} 46. Bxc6 {[%clk 0:22:53]} Rxc6
{[%clk 0:32:25]} 47. Raxe7 {[%clk 0:22:45]} Kxf5 {[%clk 0:32:27]} 48. Rxh7
{[%clk 0:22:47]} Kf4 {[%clk 0:31:52]} 49. Re1 {[%clk 0:18:43]} d5 {[%clk
0:24:12]} 50. Rf7+ {[%clk 0:18:24]} Kg5 {[%clk 0:24:34]} 51. Rg1+ {[%clk
0:18:27]} Kh6 {[%clk 0:24:53]} 52. Rf8 {[%clk 0:17:23]} Kh7 {[%clk 0:25:12]}
53. Rf5 Rh6 {[%clk 0:23:22]} 54. Rxd5 {[%clk 0:14:56]} Rxh3+ {[%clk 0:23:24]}
55. Kg2 {[%clk 0:15:17]} Rh6 {[%clk 0:23:43]} 56. Rh1 {[%clk 0:15:32]} b4
{[%clk 0:23:50]} 57. Rxh6+ {[%clk 0:15:45]} Kxh6 {[%clk 0:24:15]} 58. Rd6+
{[%clk 0:15:40]} 1-0

[Event "DVM U20w 2017"]
[Site "Düsseldorf GER"]
[Date "2017.12.27"]
[Round "2"]
[White "Oswald, Lena"]
[Black "Schramm, Anna-Lena"]
[Result "0-1"]
[Termination "normal"]
[Board "1.4"]
[WhiteElo "1670"]
[BlackElo "1474"]
[WhiteClock "00:00:44"]
[BlackClock "00:09:58"]
[WhiteTeam "SG Leipzig"]
[BlackTeam "TuRa Harksheide Norderstedt"]
[PlyCount "74"]
[WhiteFideId "12983314"]
[BlackFideId "12918237"]
[EventCountry "GER"]
[EventRounds "7"]
[EventType "team-round robin"]
[EventDate "2017.12.26"]

1. e4 {[%clk 1:30:57]} e5 {[%clk 1:30:56]} 2. Nf3 {[%clk 1:31:21]} Nc6 {[%clk
1:31:17]} 3. d4 {[%clk 1:31:42]} exd4 {[%clk 1:31:37]} 4. Bc4 {[%clk 1:32:05]}
Bb4+ {[%clk 1:29:55]} 5. c3 {[%clk 1:28:59]} dxc3 {[%clk 1:29:26]} 6. Nxc3
{[%clk 1:29:23]} d6 {[%clk 1:29:24]} 7. Ng5 {[%clk 1:25:55]} Ne5 {[%clk
1:22:52]} 8. Bb3 {[%clk 1:24:14]} h6 {[%clk 1:22:07]} 9. Nf3 {[%clk 1:14:55]}
Nf6 {[%clk 1:18:34]} 10. Nxe5 {[%clk 1:12:22]} dxe5 {[%clk 1:18:46]} 11. Bxf7+
{[%clk 1:11:56]} Kxf7 {[%clk 1:11:58]} 12. Qb3+ {[%clk 1:12:20]} Be6 {[%clk
1:12:19]} 13. Qxb4 {[%clk 1:12:44]} b6 {[%clk 1:11:38]} 14. O-O {[%clk
1:07:28]} c5 {[%clk 1:07:38]} 15. Qb5 {[%clk 1:07:31]} Qc7 {[%clk 1:05:04]} 16.
Qe2 {[%clk 1:00:30]} Rhd8 {[%clk 0:59:38]} 17. b3 {[%clk 0:54:41]} Rd7 {[%clk
0:55:12]} 18. Bb2 {[%clk 0:54:49]} Rad8 {[%clk 0:54:34]} 19. Rfd1 {[%clk
0:55:06]} Qc6 {[%clk 0:44:41]} 20. f3 {[%clk 0:50:50]} c4 {[%clk 0:42:17]} 21.
bxc4 {[%clk 0:42:56]} Qc5+ {[%clk 0:42:27]} 22. Qf2 {[%clk 0:41:28]} Qxc4
{[%clk 0:41:25]} 23. Rxd7+ {[%clk 0:27:47]} Rxd7 {[%clk 0:41:43]} 24. Rc1
{[%clk 0:26:31]} Qb4 {[%clk 0:36:07]} 25. a3 {[%clk 0:23:52]} Qa5 {[%clk
0:34:43]} 26. Rd1 {[%clk 0:17:34]} Bb3 {[%clk 0:29:03]} 27. Rxd7+ {[%clk
0:16:15]} Nxd7 {[%clk 0:29:27]} 28. Qd2 {[%clk 0:13:18]} Ke6 {[%clk 0:26:22]}
29. Kf2 {[%clk 0:12:48]} Qc5+ {[%clk 0:21:44]} 30. Qe3 {[%clk 0:12:57]} Qe7
{[%clk 0:15:44]} 31. Nb5 {[%clk 0:09:32]} Nc5 {[%clk 0:15:58]} 32. h3 {[%clk
0:03:44]} Qd7 {[%clk 0:14:27]} 33. a4 {[%clk 0:02:16]} Bxa4 {[%clk 0:12:37]}
34. Qc3 {[%clk 0:01:04]} Nd3+ {[%clk 0:11:16]} 35. Ke3 {[%clk 0:00:59]} Bxb5
{[%clk 0:11:11]} 36. Qb3+ {[%clk 0:01:05]} Kf6 {[%clk 0:10:04]} 37. Ba3 {[%clk
0:00:44]} Qd4+ {[%clk 0:09:58]} 0-1

[Event "DVM U20w 2017"]
[Site "Düsseldorf GER"]
[Date "2017.12.27"]
[Round "2"]
[White "Siegl, Melina"]
[Black "Kluge, Leyla"]
[Result "1-0"]
[Termination "normal"]
[Board "2.2"]
[WhiteElo "2023"]
[BlackElo "1600"]
[WhiteClock "01:07:51"]
[BlackClock "00:30:51"]
[WhiteTeam "Spvgg 1946 Stetten"]
[BlackTeam "USG Chemnitz"]
[PlyCount "45"]
[WhiteFideId "1272126"]
[BlackFideId "12918172"]
[EventCountry "GER"]
[EventRounds "7"]
[EventType "team-round robin"]
[EventDate "2017.12.26"]

1. e4 {[%clk 1:30:58]} c5 {[%clk 1:30:56]} 2. Nf3 {[%clk 1:31:19]} Nc6 {[%clk
1:31:15]} 3. d3 {[%clk 1:31:43]} g6 {[%clk 1:31:40]} 4. g3 {[%clk 1:32:07]} Bg7
{[%clk 1:32:06]} 5. Bg2 {[%clk 1:32:33]} d6 {[%clk 1:32:31]} 6. Nbd2 {[%clk
1:32:31]} e6 {[%clk 1:30:59]} 7. O-O {[%clk 1:32:38]} Nge7 {[%clk 1:31:25]} 8.
c3 {[%clk 1:32:26]} O-O {[%clk 1:31:44]} 9. h4 {[%clk 1:31:13]} h5 {[%clk
1:28:00]} 10. Re1 {[%clk 1:30:14]} Rb8 {[%clk 1:27:53]} 11. Nf1 {[%clk
1:30:05]} d5 {[%clk 1:15:01]} 12. e5 {[%clk 1:22:54]} d4 {[%clk 0:59:29]} 13.
c4 {[%clk 1:20:02]} b5 {[%clk 0:57:26]} 14. b3 {[%clk 1:18:20]} bxc4 {[%clk
0:54:52]} 15. dxc4 {[%clk 1:18:39]} Bb7 {[%clk 0:51:39]} 16. Bf4 {[%clk
1:18:02]} Qb6 {[%clk 0:49:08]} 17. N1h2 {[%clk 1:15:03]} Nf5 {[%clk 0:42:25]}
18. g4 {[%clk 1:13:43]} hxg4 {[%clk 0:37:11]} 19. Nxg4 {[%clk 1:14:06]} Rfd8
{[%clk 0:34:53]} 20. h5 {[%clk 1:08:14]} gxh5 {[%clk 0:32:02]} 21. Nf6+ {[%clk
1:08:31]} Kf8 {[%clk 0:32:06]} 22. Ng5 {[%clk 1:08:05]} Bxf6 {[%clk 0:30:51]}
23. exf6 {[%clk 1:07:51]} 1-0

[Event "DVM U20w 2017"]
[Site "Düsseldorf GER"]
[Date "2017.12.27"]
[Round "2"]
[White "Wienhold, Nadine"]
[Black "Mehling, Katharina"]
[Result "1/2-1/2"]
[Termination "normal"]
[Board "2.3"]
[WhiteElo "1422"]
[BlackElo "1914"]
[WhiteClock "00:27:42"]
[BlackClock "00:03:38"]
[WhiteTeam "USG Chemnitz"]
[BlackTeam "Spvgg 1946 Stetten"]
[PlyCount "60"]
[WhiteFideId "12964514"]
[BlackFideId "12900362"]
[EventCountry "GER"]
[EventRounds "7"]
[EventType "team-round robin"]
[EventDate "2017.12.26"]

1. e4 {[%clk 1:30:57]} e6 {[%clk 1:30:51]} 2. d4 {[%clk 1:31:07]} d5 {[%clk
1:31:15]} 3. e5 {[%clk 1:30:49]} c5 {[%clk 1:31:25]} 4. Nf3 {[%clk 1:29:28]}
Nc6 {[%clk 1:30:44]} 5. c3 {[%clk 1:28:15]} Bd7 {[%clk 1:30:19]} 6. Be3 {[%clk
1:26:35]} Qb6 {[%clk 1:24:29]} 7. Qd2 {[%clk 1:18:27]} f6 {[%clk 1:16:54]} 8.
Be2 {[%clk 1:08:45]} fxe5 9. Nxe5 Nxe5 {[%clk 1:05:31]} 10. dxe5 {[%clk
1:08:47]} Ne7 {[%clk 1:04:46]} 11. f4 {[%clk 1:07:20]} Nc6 {[%clk 1:02:22]} 12.
O-O {[%clk 1:02:54]} Be7 {[%clk 1:00:01]} 13. Kh1 {[%clk 1:00:54]} Qc7 {[%clk
0:57:47]} 14. Na3 a6 {[%clk 0:57:20]} 15. Nc2 {[%clk 0:56:22]} O-O-O {[%clk
0:38:39]} 16. b4 {[%clk 0:55:30]} Nb8 {[%clk 0:33:35]} 17. bxc5 {[%clk
0:50:05]} Rdg8 {[%clk 0:29:26]} 18. Rab1 {[%clk 0:44:50]} h6 {[%clk 0:26:07]}
19. Rb2 {[%clk 0:43:17]} g5 {[%clk 0:20:39]} 20. Rfb1 {[%clk 0:40:46]} gxf4
{[%clk 0:20:02]} 21. Bxf4 {[%clk 0:40:36]} Bxc5 {[%clk 0:16:30]} 22. Rxb7
{[%clk 0:38:36]} Qxb7 {[%clk 0:15:06]} 23. Rxb7 {[%clk 0:39:00]} Kxb7 {[%clk
0:15:32]} 24. Nd4 {[%clk 0:38:27]} Nc6 {[%clk 0:14:52]} 25. Qd3 {[%clk
0:35:16]} Ra8 {[%clk 0:14:36]} 26. Qb1+ {[%clk 0:34:29]} Kc7 {[%clk 0:14:37]}
27. Nb3 {[%clk 0:34:08]} Ba3 {[%clk 0:10:59]} 28. c4 {[%clk 0:30:33]} d4 {[%clk
0:10:22]} 29. Qa1 Rab8 {[%clk 0:06:43]} 30. h3 {[%clk 0:27:42]} h5 {[%clk
0:03:38]} 1/2-1/2

[Event "DVM U20w 2017"]
[Site "Düsseldorf GER"]
[Date "2017.12.27"]
[Round "2"]
[White "Gatzke, Carolin"]
[Black "Lohrmann, Tabea"]
[Result "1-0"]
[Termination "normal"]
[Board "3.1"]
[WhiteElo "1787"]
[BlackElo "1694"]
[WhiteTeam "Karlsruher SF"]
[BlackTeam "SK Endingen"]
[PlyCount "63"]
[WhiteFideId "12943746"]
[BlackFideId "12911941"]
[EventCountry "GER"]
[EventRounds "7"]
[EventType "team-round robin"]
[EventDate "2017.12.26"]

1. e4 e5 2. Nc3 Nf6 3. f4 d6 4. Nf3 Nc6 5. Bb5 Bd7 6. d3 Qe7 7. f5 h6 8. Be3 a6
9. Ba4 g6 10. fxg6 fxg6 11. h3 O-O-O 12. Qd2 Bg7 13. Bf2 Rhf8 14. Nh4 Qe8 15.
O-O-O Ne7 16. Bxd7+ Nxd7 17. g4 Bf6 18. Ng2 Bg5 19. Be3 Bxe3 20. Nxe3 Nc6 21.
Ncd5 Nd4 22. Qa5 Nb6 23. Nxb6+ cxb6 24. Qxb6 Qa4 25. Kb1 Rf2 26. Rhf1 Re2 27.
Rf7 Qc6 28. Qa7 b5 29. c3 Rd7 30. Rxd7 Qxd7 31. Qa8+ Kc7 32. Nd5# 1-0

[Event "DVM U20w 2017"]
[Site "Düsseldorf GER"]
[Date "2017.12.27"]
[Round "2"]
[White "Bykov, Ilona"]
[Black "Wagner, Lena"]
[Result "1-0"]
[Termination "normal"]
[Board "3.3"]
[WhiteElo "1468"]
[BlackElo "1259"]
[WhiteTeam "Karlsruher SF"]
[BlackTeam "SK Endingen"]
[PlyCount "137"]
[WhiteFideId "12964433"]
[BlackFideId "12983470"]
[EventCountry "GER"]
[EventRounds "7"]
[EventType "team-round robin"]
[EventDate "2017.12.26"]

1. e4 c6 2. d4 d5 3. Nc3 dxe4 4. Nxe4 Bf5 5. Ng3 Bg6 6. N1e2 Nf6 7. Nf4 Be4 8.
Nxe4 Nxe4 9. Bc4 g6 10. c3 Bg7 11. Qc2 Nd6 12. Bb3 O-O 13. O-O Re8 14. Nh3 e6
15. Re1 Nd7 16. Bg5 Qc7 17. Rad1 c5 18. dxc5 Nxc5 19. Bf4 e5 20. Bg3 Nxb3 21.
Qxb3 Nf5 22. Ng5 Nxg3 23. hxg3 Qe7 24. Ne4 b6 25. Rd5 Rad8 26. Red1 Rxd5 27.
Qxd5 Kf8 28. Qc6 f5 29. Rd7 Qe6 30. Nd6 e4 31. Rf7+ Kg8 32. Rxg7+ Kxg7 33.
Nxe8+ Kf7 34. Qxe6+ Kxe6 35. Nc7+ Ke5 36. Nb5 a5 37. f4+ Kd5 38. Kf2 Kc4 39.
Nd4 Kd3 40. Ke1 Ke3 41. a4 h6 42. Nc6 Kd3 43. Ne5+ Kc2 44. Nc4 Kb3 45. Nxb6 g5
46. c4 Kb4 47. b3 Kc5 48. Nd5 Kd6 49. Ke2 g4 50. Ke3 h5 51. Kd4 Ke6 52. Ne3 Kf6
53. Kd5 Ke7 54. Nxf5+ Kd7 55. Ne3 Kc7 56. f5 Kd7 57. f6 Ke8 58. Ke6 Kf8 59. c5
Ke8 60. c6 Kd8 61. f7 Kc7 62. f8=Q Kxc6 63. Qd6+ Kb7 64. Qc5 h4 65. gxh4 g3 66.
Kd7 Ka8 67. Qb5 Ka7 68. Kc7 Ka8 69. Qb7# 1-0

[Event "DVM U20w 2017"]
[Site "Düsseldorf GER"]
[Date "2017.12.27"]
[Round "2"]
[White "Wagner, Anna"]
[Black "Eichhorn, Elisabeth"]
[Result "1/2-1/2"]
[Termination "normal"]
[Board "3.4"]
[WhiteElo "1297"]
[BlackElo "1362"]
[WhiteTeam "SK Endingen"]
[BlackTeam "Karlsruher SF"]
[PlyCount "126"]
[WhiteFideId "12983489"]
[BlackFideId "16235070"]
[EventCountry "GER"]
[EventRounds "7"]
[EventType "team-round robin"]
[EventDate "2017.12.26"]

1. e4 c5 2. Bc4 Nc6 3. Nf3 d6 4. Nc3 Nf6 5. d3 g6 6. Bg5 Bg7 7. O-O O-O 8. Re1
a6 9. e5 dxe5 10. Nxe5 Nxe5 11. Rxe5 Qc7 12. Re2 e6 13. Ne4 Nxe4 14. Rxe4 Bxb2
15. Rb1 Bg7 16. Bf4 Qd7 17. Be3 b5 18. Bb3 Bb7 19. Rg4 Qc6 20. c4 h5 21. Rg3
Be5 22. Rg5 Bf6 23. Rg3 h4 24. Rg4 h3 25. Qf3 Qxf3 26. gxf3 Rfd8 27. Bc2 Be7
28. Rg3 b4 29. Rxh3 a5 30. Rd1 f5 31. Kf1 Kg7 32. Ke2 Rh8 33. Rxh8 Rxh8 34. d4
Rxh2 35. dxc5 Rh3 36. Rd7 Bxf3+ 37. Kd2 Kf8 38. Ra7 Rh2 39. Rxa5 f4 40. Bd4 e5
41. Bxe5 Rxf2+ 42. Kc1 g5 43. Bd6 Bc6 44. Ra7 Bxd6 45. cxd6 Ke8 46. Rc7 Bd7 47.
c5 Rf1+ 48. Kb2 f3 49. c6 Bxc6 50. Rxc6 Kd7 51. Rc5 Rg1 52. Rf5 g4 53. Rf4 Kxd6
54. Bf5 Rg2+ 55. Kb3 f2 56. Bxg4 Rg3+ 57. Ka4 Rxg4 58. Rxf2 Kc5 59. Rc2+ Kd5
60. Kb5 Rd4 61. Rb2 Kd6 62. Rxb4 Rxb4+ 63. Kxb4 Kc6 1/2-1/2

[Event "DVM U20w 2017"]
[Site "Düsseldorf GER"]
[Date "2017.12.27"]
[Round "2"]
[White "Wolff, Marie Antoinette"]
[Black "Miljkovic, Jovana"]
[Result "1-0"]
[Termination "normal"]
[Board "4.1"]
[BlackTitle "WFM"]
[WhiteElo "1744"]
[BlackElo "1882"]
[WhiteTeam "Leegebrucher SF"]
[BlackTeam "SV Lingen"]
[PlyCount "87"]
[WhiteFideId "12908258"]
[BlackFideId "958336"]
[EventCountry "GER"]
[EventRounds "7"]
[EventType "team-round robin"]
[EventDate "2017.12.26"]

1. d4 Nf6 2. c4 e6 3. Nf3 d5 4. e3 a6 5. Nc3 dxc4 6. a4 b6 7. Bxc4 Bb7 8. O-O
Bb4 9. Qe2 O-O 10. Na2 c5 11. Rd1 Qe7 12. b3 Nc6 13. Bb2 Na5 14. Nxb4 cxb4 15.
Ne5 Bd5 16. Bxd5 exd5 17. Qd3 Rfc8 18. Rac1 Qb7 19. Qd2 Rxc1 20. Bxc1 Qe7 21.
Qd3 Ne4 22. Bd2 f6 23. Nf3 Nc6 24. Rc1 Qb7 25. Nh4 Rc8 26. f3 Nxd2 27. Qxd2 g6
28. Re1 b5 29. e4 dxe4 30. fxe4 bxa4 31. bxa4 Qb6 32. Nf3 b3 33. Kf1 Qa5 34. d5
Nb4 35. d6 Qxa4 36. Nd4 Nc2 37. Nxc2 Rxc2 38. Qd5+ Kg7 39. d7 Qa2 40. Qd4 Rxg2
41. d8=Q Rxh2 42. Q4xf6+ Kh6 43. Qdf8+ Kh5 44. Qf3+ 1-0

[Event "DVM U20w 2017"]
[Site "Düsseldorf GER"]
[Date "2017.12.27"]
[Round "2"]
[White "Schlichter, Lisa"]
[Black "Schiewe, Nadin"]
[Result "1/2-1/2"]
[Termination "normal"]
[Board "4.2"]
[WhiteElo "1669"]
[BlackElo "1498"]
[WhiteTeam "SV Lingen"]
[BlackTeam "Leegebrucher SF"]
[PlyCount "65"]
[WhiteFideId "12926396"]
[BlackFideId "16209079"]
[EventCountry "GER"]
[EventRounds "7"]
[EventType "team-round robin"]
[EventDate "2017.12.26"]

1. e4 d5 2. exd5 Qxd5 3. Nc3 Qa5 4. d4 c6 5. Nf3 Nf6 6. Bd2 Qc7 7. Bc4 Bg4 8.
h3 Bh5 9. g4 Bg6 10. Ne5 Nbd7 11. Nxg6 hxg6 12. Qe2 e6 13. O-O-O O-O-O 14. Bb3
Bd6 15. Kb1 Bf4 16. Qf3 Bxd2 17. Rxd2 Nb6 18. Ne4 Nxe4 19. Qxe4 Nd5 20. Rdd1
Qe7 21. Qf3 Qf6 22. Qxf6 Nxf6 23. f3 Nd5 24. Bxd5 exd5 25. Kc1 Kd7 26. Kd2 Rde8
27. Rde1 g5 28. Re2 g6 29. Reh2 Rh4 30. Rg2 Reh8 31. Rgh2 f5 32. Ke3 f4+ 33.
Kd2 1/2-1/2

[Event "DVM U20w 2017"]
[Site "Düsseldorf GER"]
[Date "2017.12.27"]
[Round "2"]
[White "Jacoby, Angelina"]
[Black "Möller, Hannah"]
[Result "0-1"]
[Termination "normal"]
[Board "4.3"]
[WhiteElo "1167"]
[BlackElo "1636"]
[WhiteTeam "Leegebrucher SF"]
[BlackTeam "SV Lingen"]
[PlyCount "98"]
[WhiteFideId "12999008"]
[BlackFideId "1270514"]
[EventCountry "GER"]
[EventRounds "7"]
[EventType "team-round robin"]
[EventDate "2017.12.26"]

1. e3 Nf6 2. b3 g6 3. Bb2 Bg7 4. Nf3 O-O 5. Nc3 c5 6. d4 Nc6 7. dxc5 Ne4 8.
Nxe4 Bxb2 9. Rb1 Qa5+ 10. Nfd2 Bc3 11. Nxc3 Qxc3 12. a3 Qxc5 13. b4 Qg5 14. Nf3
Qf6 15. Rb3 d6 16. h3 Be6 17. c4 a5 18. Qc1 axb4 19. Be2 b5 20. O-O bxc4 21.
Rb1 bxa3 22. Ra1 Na5 23. Qxa3 Nb3 24. Qxa8 Rxa8 25. Rxa8+ {(=)} Kg7 26. Ra4 d5
27. Ra2 c3 28. Ra3 d4 29. Nxd4 Nxd4 30. exd4 Qxd4 31. Re1 {(=)} Bf5 32. Raa1 c2
33. Bf3 e5 34. Rac1 e4 35. Bg4 Bxg4 36. hxg4 Qd2 37. Rf1 {(=)} f5 38. gxf5 gxf5
39. Kh2 f4 40. Kh3 e3 41. fxe3 fxe3 42. Kg3 e2 43. Rfe1 {(=)} Qe3+ 44. Kh2 Qf2
45. Kh3 Kf6 46. Kh2 Ke5 47. Rh1 Kd4 48. Rxc2 Qh4+ 49. Kg1 e1=Q# 0-1

[Event "DVM U20w 2017"]
[Site "Düsseldorf GER"]
[Date "2017.12.27"]
[Round "2"]
[White "Schäfer, Leonie"]
[Black "Mylke, Sandy-Michelle"]
[Result "1-0"]
[Termination "normal"]
[Board "4.4"]
[WhiteElo "1395"]
[BlackElo "1350"]
[WhiteTeam "SV Lingen"]
[BlackTeam "Leegebrucher SF"]
[PlyCount "65"]
[WhiteFideId "16241851"]
[BlackFideId "16235045"]
[EventCountry "GER"]
[EventRounds "7"]
[EventType "team-round robin"]
[EventDate "2017.12.26"]

1. Nf3 d5 2. g3 Nc6 3. d4 e6 4. Bg2 Bd6 5. O-O f5 6. c4 Nce7 7. Nc3 Nf6 8. c5
Bxg3 9. hxg3 c6 10. Bg5 Ne4 11. Nxe4 fxe4 12. Ne5 O-O 13. b4 a6 14. a4 Rf5 15.
Bxe7 Qxe7 16. b5 axb5 17. axb5 Rxa1 18. Qxa1 Bd7 19. Qa8+ Rf8 20. Qxb7 Qe8 21.
Qxd7 Qh5 22. Qxe6+ Kh8 23. Qe7 Re8 24. Nf7+ Qxf7 25. Qxf7 Rg8 26. bxc6 h6 27.
c7 Ra8 28. Rb1 Rc8 29. Rb8 Kh7 30. Rxc8 e3 31. Rh8+ Kxh8 32. c8=Q+ Kh7 33.
Qcg8# 1-0